Statistiken für Alle Pokémon mit "K"

Klicken Sie hier um das Quiz zu spielen!

Allgemein

  • Dieses Quiz wurde 42 mal gespielt
    (41 seit der letzten Aktualisierung)
  • Das Durchschnittsergebnis liegt bei 42 aus 94

Antwortstatistiken

TypPokémon% Korrekt
Gestein / BodenKleinstein
92%
Wasser 💧Karnimani
83%
Drache / BodenKaumalat
83%
Wasser 💧Kingler
83%
Drache / BodenKnakrack
83%
Drache / BodenKnarksel
83%
Wasser 💧Krabby
83%
Normal ✳Kangama
75%
Boden 🏜Knogga
75%
Unlicht / FlugKramurx
75%
Gestein / WasserKabuto
67%
Gestein / WasserKabutops
67%
Psycho 🧠Kadabra
67%
Pflanze / PsychoKokowei
67%
Unlicht /FlugKramshef
67%
Wasser / UnlichtKrebutack
67%
Drache / EisKyurem
67%
Pflanze / KampfKapilz
58%
Kampf 👊Kapoera
58%
Wasser / PflanzeKappalores
58%
Wasser 💧Karpador
58%
Wasser / KampfKeldeo
58%
Kampf 👊Kicklee
58%
Pflanze 🌿Knilz
58%
Pflanze / GiftKnofensa
58%
Gestein ⛰Koknodon
58%
Käfer / GiftKokuna
58%
Wasser 💧Krebscorps
58%
Drache / GeistKatapuldra
50%
Drache 🐲Kindwurm
50%
Boden 🏜Knacklion
50%
Pflanze / DracheKnapfel
50%
Normal / FeeKnuddeluff
50%
Normal / KampfKosturso
50%
Normal ✳Krakeelo
50%
Normal ✳Krawumms
50%
Geist / UnlichtKryppuk
50%
Eis / PsychoKussilla
50%
Wasser / UnlichtKanivanha
42%
Psycho / FeeKapu -Fala
42%
Wasser / FeeKapu -Kime
42%
Elektro / FeeKapu -Riki
42%
Pflanze / FeeKapu -Toro
42%
Pflanze / StahlKatagami
42%
Normal ✳Kecleon
42%
Eis / BodenKeifel
42%
Pflanze 🌿Kikugi
42%
Pflanze 🌿Kinoso
42%
Unlicht 🌜Kleoparda
42%
Unlicht 🌜Kleptifux
42%
Stahl 🚃Klikk
42%
Stahl 🚃Kliklak
42%
Wasser / PsychoKnirfish
42%
Stahl / KampfKobalium
42%
Kampf 👊Krabbox
42%
Flug / StahlKrarmor
42%
Kampf / EisKrawell
42%
Wasser 💧Kyogre
42%
Wasser / GesteinKamalm
33%
Wasser 💧Kamehaps
33%
Kampf 👊Kaocto
33%
Unlicht / DracheKapuno
33%
Kampf 👊Karadonis
33%
Pflanze / StahlKastadur
33%
Gestein ⛰Kiesling
33%
Psycho 🧠Klingplim
33%
Kampf 👊Klopptopus
33%
Normal ✳Koalelu
33%
Feuer / GeistKopplosio
33%
Kampf / DracheKoraidon
33%
Flug 🐦Kranoviz
33%
Eis ❄Kubuin
33%
Stahl 🚃Kupfanti
33%
Stahl / FlugKaguron
25%
Feuer 🔥Kickerlo
25%
Stahl 🚃Klikdiklak
25%
Gestein ⛰Klonkett
25%
Pflanze / GiftKnospi
25%
Käfer / KampfKriechflügel
25%
Feuer 🔥Krokel
25%
Normal / PflanzeKronjuwild
25%
Normal ✳Kukmarda
25%
Käfer / PsychoKeradar
17%
Psycho / FeeKirlia
17%
Gestein ⛰Klibbe
17%
Feuer 🔥Knarbon
17%
Stahl / GiftKnattatox
17%
Stahl / GiftKnattox
17%
Eis ❄Kolowal
17%
Normal / PsychoKommandutan
17%
Wasser 💧Kwaks
17%
Wasser / GesteinKarippas
8%
Feuer / DracheKeilflamme
8%
Normal / FlugKrawalloro
8%

Verteilung der Resultate

Perzentil nach korrekt beantworteten Fragen

Anzahl Personen mit jedem Resultat

Ihre Resultats-Entwicklung

Sie haben dieses Quiz seit der letzten Aktualisierung nicht gespielt